কালের নিরন্তর যাত্রা : সাবেক আমলার জীবনস্মৃতি /
Autobiographical reminiscences of Āhamada Māhamudura Rājā Caudhurī, bureaucrat from Bangladesh.
| Autore principale: | |
|---|---|
| Natura: | Libro |
| Lingua: | Bengali English |
| Pubblicazione: |
ঢাকা :
পালক পাবলিশার্স,
২০১৫.
|
| Soggetti: | |
| Classic Catalogue: | View this record in Classic Catalogue |
| LEADER | 01968nam a2200397 i 4500 | ||
|---|---|---|---|
| 001 | 38462 | ||
| 003 | BD-DhAAL | ||
| 005 | 20221215153751.0 | ||
| 008 | 220426t2015 bg a 000 0aben d | ||
| 999 | |c 44141 |d 44141 | ||
| 010 | |a 2014359789 | ||
| 020 | |a 9789849097143 | ||
| 025 | |a B-B-2014359789 | ||
| 035 | |a (MFDhaka) 2014359789 | ||
| 037 | |b Library of Congress -- New Delhi Overseas Office | ||
| 040 | |a DLC |b eng |e rda |c DLC |d DLC |d BD-DhAAL | ||
| 041 | 0 | |a ben |a eng | |
| 042 | |a lcode |a pcc | ||
| 043 | |a a-bg--- | ||
| 050 | 0 | 0 | |a JQ636.Z1 |b C383 2015 |
| 082 | |a 320.95492 |2 23 | ||
| 100 | |a চৌধুরী, আহমদ মাহমুদুর রাজা |9 48259 | ||
| 245 | 1 | 0 | |a কালের নিরন্তর যাত্রা : |b সাবেক আমলার জীবনস্মৃতি / |c আহমদ মাহমুদুর রাজা চৌধুরী |
| 246 | 3 | 1 | |a Kaler nirantar jatra |
| 264 | 1 | |a ঢাকা : |b পালক পাবলিশার্স, |c ২০১৫. | |
| 300 | |a ৩১৬ পৃষ্ঠা : |b চিত্র ; |c ২২ সে.মি. | ||
| 520 | |a Autobiographical reminiscences of Āhamada Māhamudura Rājā Caudhurī, bureaucrat from Bangladesh. | ||
| 541 | |a Donated By Akbar Ali Khan |e 38462, 40224 | ||
| 546 | |a In Bengali; includes passages in English. | ||
| 600 | |a Chowdhury, Ahmad Mahmudur Raza |9 52968 | ||
| 651 | 0 | |a Bangladesh |x Politics and government. |9 48261 | |
| 651 | 0 | |a Bangladesh |x Officials and employees |v Biography. |9 48262 | |
| 852 | |a Ayesha Abed Library |c Akbar Ali Khan Collection | ||
| 942 | |2 ddc |c BK | ||
| 952 | |0 0 |1 0 |2 ddc |4 0 |6 320_954920000000000_CHO |7 1 |9 70562 |a BRACUL |b BRACUL |c AAKC |d 2022-04-26 |e Donated by Akbar Ali Khan |l 0 |o 320.95492 CHO |p 3010038462 |r 2022-04-26 |t 1 |w 2022-04-26 |y BK | ||
| 952 | |0 0 |1 0 |2 ddc |4 0 |6 320_954920000000000_CHO |7 1 |9 72511 |a BRACUL |b BRACUL |c AAKC |d 2022-12-15 |e Donated by Akbar Ali Khan |g 400.00 |l 0 |o 320.95492 CHO |p 3010040224 |r 2022-12-15 |t 2 |w 2022-12-15 |y BK | ||